Bolivia Departments Quiz - Statistics

General Stats
  • This quiz has been taken 27 times
  • The average score is 7 of 9
Answer Stats
Capital Department % Correct
______ La Paz
95%
______ Santa Cruz
91%
Cobija Pando
86%
Trinidad Beni
82%
______ Cochabamba
82%
______ Oruro
77%
______ Potosí
77%
Sucre Chuquisaca
64%
______ Tarija
50%
No matching quizzes found
Score Distribution
Percent of People with Each Score
Percentile by Number Answered
Your Score History
You have not taken this quiz